| 000 | 00957nam a2200301 a 4500 | ||
|---|---|---|---|
| 003 | AR-BaBNM | ||
| 005 | 20251128203847.0 | ||
| 008 | 082120s2002 ||||||||||||||000 | spa|| | ||
| 020 | _a92-820-3009-1 | ||
| 040 | _cAR-BaBNM | ||
| 100 | 1 | _aLynch, James | |
| 245 | 0 | 0 | _aLa educación permanente y la preparación del personal docente |
| 260 |
_aHamburgo _bInstituto de la Unesco para la Educación _c1977 |
||
| 300 | _aix, 130 p. | ||
| 490 | 0 |
_aMonografías IUE _vv. 5 |
|
| 500 | _aApéndice | ||
| 500 | _aLista de asociaciones internacionales y nacionales de profesores | ||
| 500 | _aIUE: Instituto de la Unesco para la Educación | ||
| 504 | _aBibliografía: p. 96-107 | ||
| 650 | 4 | _aEDUCACION PERMANENTE | |
| 650 | 4 | _aROL DEL DOCENTE | |
| 650 | 4 | _aCONDICIONES DE TRABAJO DEL DOCENTE | |
| 650 | 4 | _aFORMACION DE DOCENTES | |
| 650 | 4 | _aPLANIFICACION DEL CURRICULO | |
| 700 | 1 |
_aCarelli, Dino _eprologuista |
|
| 942 | _cBK | ||
| 998 | _csilvi | ||
| 999 |
_c5227 _d5227 |
||